000 00809nam a22001337a 4500
040 _cRUA
082 _aANS CHU 2015 B.648 Or.1
100 _aCHUM BONA, ជុំ បូណា
245 _aឥទ្ធិពលនៃគម្រោងដំណាំចំណីសត្វទៅលើប្រព័ន្ធផលិតកម្មនិងទីផ្សារគោរបស់កសិករនៅស្រុកព្រៃឈរ ខេត្តកំពង់ចាម,​ Impact of forage fordder bank on cattle production and market system of smallholder household in prey chhor district, kampong cham province.
260 _aRUA
_bPHNOM PENH
_c2015
300 _aix;46p.
_bill;
_c29cm;
856 _uhttps://drive.google.com/file/d/1uGPivV-Psw2ocyLI0mMX8f2t5oENvFk7/view?usp=sharing
942 _cANS
999 _c18267
_d18267